00972 2200325 4500001002100000005001500021035002000036007000300056008004100059020002200100040002200122082001200144084001400156090001800170090002200188100002600210245009000236250003000326300004900356650003100405700003100436850001200467041000800479264004100487336002100528337003000549338002300579999002200602990002200624INLIS00000000085050820200218084100 a0010-0819000410ta190820s2017 yoia g ind d a978-602-61815-3-4 aYOPDYOGbinderda04223a221 a221 AGU p aDEP 221 AGU p aCB-D.11 2017-32580 aAgus Santosoepenulis1 aPengantar kepada struktur perjanjian lama /cpenulis, Agus Santoso, Art Semuel Thomas aCetakan Pertama: Mei 2017 avi, 84 halaman :bilustrasi, gambar ;c21 cm 4aAlkitab--vPerjanjian lama0 aArt Semuel Thomasepenulis aYOPDYOG0 aind aYogyakarta :bWahana Resolusi,c2017 2rdacontentateks 2rdamediaatanpa perantara 2rdacarrieravolume aCB-D.11/2017-3258 aCB-D.11/2017-3258